Statistics for X-Men Members A-Z by Picture

Click here to take the quiz!

General Stats

  • This quiz has been taken 50 times
    (31 since last reset)
  • The average score is 18 of 26

Answer Stats

Answer% Correct
Angel
100%
Storm
100%
Beast
97%
Cyclops
97%
Wolverine
97%
Emma Frost
93%
Gambit
93%
Phoenix
93%
Rogue
93%
Iceman
90%
Nightcrawler
90%
Jubilee
86%
Havok
83%
Kitty Pryde
76%
X-23
76%
Forge
72%
Dazzler
69%
Magik
66%
Lockheed
62%
Thunderbird
59%
Quentin Quire
45%
Yukio
24%
U-Go Girl
21%
Zero
21%
Oya
10%
Velocidad
10%

Score Distribution

Percentile by Number Answered

Percent of People with Each Score

Your Score History

You have not taken this quiz since the last reset